Proceedings of the 13th International Conference on New Trends in Statics and Dynamics of Buildings october 15-16, 2015 Bratislava, Slovakia
| Corporate Authors: | , , |
|---|---|
| Other Authors: | , |
| Format: | Conference Proceeding Software eBook |
| Language: | English Czech Polish Slovak |
| PhysicalDescription: | 1 elektronický optický disk (CD-ROM) fareb. 12 cm |
| Published: |
Bratislava
Slovak University of Technology
2015
|
| ISBN: | 9788022744638 (elektronická kniha) |
| Subjects: | |
| Online Access: | http://www.newtrends.sk/sk/ |
MARC
| LEADER | 00000cam a2200000 a 4500 | ||
|---|---|---|---|
| 001 | vtls011290076 | ||
| 003 | SK-MaSNL | ||
| 005 | 20260301220042.0 | ||
| 007 | co cg auuua | ||
| 008 | 160430s2015 xo | fs 101 0 eng | ||
| 015 | |a SNBS2016 | ||
| 020 | |a 9788022744638 (elektronická kniha) | ||
| 040 | |a SNK |b slo |c SNK |e AACR2 | ||
| 041 | 0 | |a eng |a cze |a pol |a slo |b eng | |
| 044 | |a xo |c SK | ||
| 072 | 7 | |a 624 |x Inžinierske staviteľstvo |2 konspekt | |
| 080 | |a 624.04 |2 2011 | ||
| 080 | |a 624.042/.044 |2 2011 | ||
| 080 | |a 624.041 |2 2011 | ||
| 080 | |a (0.034.44) |2 2011 | ||
| 080 | |a (062.534) |2 2011 | ||
| 111 | 2 | |a New Trends in Statics and Dynamics of Buildings |n (13. : |d 2015 : |c Bratislava, Slovensko) |9 606683 | |
| 245 | 1 | 0 | |a Proceedings of the 13th International Conference on New Trends in Statics and Dynamics of Buildings |h elektronický zdroj |b october 15-16, 2015 Bratislava, Slovakia |c edited by Norbert Jendželovský, Alžbeta Grmanová |
| 246 | 3 | 3 | |a New Trends in Statics and Dynamics of Buildings |
| 260 | |a Bratislava |b Slovak University of Technology |c 2015 | ||
| 300 | |a 1 elektronický optický disk (CD-ROM) |b fareb. |c 12 cm | ||
| 500 | |a Názov z titulnej obrazovky | ||
| 500 | |a Na titulnej obrazovke: Katedra stavebnej mechaniky, Stavebná fakulta STU Bratislava ; Slovenská spoločnosť pre mechaniku pri SAV | ||
| 504 | |a Bibliogr. odkazy ; index autorov | ||
| 516 | |a Textový dokument (zborník), súbory vo formáte pdf | ||
| 538 | |a Technické požiadavky: PDF prehliadač | ||
| 546 | |a Texty angl., čes., poľ., slov. ; res. v angl. | ||
| 650 | 0 | 7 | |a stavebná mechanika |2 SNKPH |9 4181 |
| 650 | 0 | 7 | |a statika stavebných konštrukcií |2 SNKPH |9 4180 |
| 650 | 0 | 7 | |a dynamika stavebných konštrukcií |2 SNKPH |9 91017 |
| 650 | 0 | 7 | |a Structural mechanics |2 SNKPHeng |9 330400 |
| 650 | 0 | 7 | |a Structural statics |2 SNKPHeng |9 314013 |
| 650 | 0 | 7 | |a Structural dynamics |2 SNKPHeng |9 346070 |
| 655 | 7 | |a zborníky konferencií |2 SNKPH |9 70153 | |
| 655 | 7 | |a elektronické zdroje |2 SNKPH |9 90954 | |
| 655 | 7 | |a CD-ROM |2 SNKPH |9 70236 | |
| 655 | 7 | |a Proceedings of conferences |2 SNKPHeng |9 265791 | |
| 655 | 7 | |a Electronic resources |2 SNKPHeng |9 175546 | |
| 700 | 1 | |a Jendželovský, Norbert, |d 1958- |4 edt |9 212879 | |
| 700 | 1 | |a Grmanová, Alžbeta |4 edt |9 363507 | |
| 710 | 2 | |a Slovenská technická univerzita v Bratislave. |b Stavebná fakulta. |b Katedra stavebnej mechaniky |9 165267 | |
| 710 | 2 | |a Slovenská spoločnosť pre mechaniku |9 165268 | |
| 852 | |a Štátna vedecká knižnica v Banskej Bystrici | ||
| 856 | 4 | 1 | |u http://www.newtrends.sk/sk/ |
| 919 | |a 978-80-227-4463-8 | ||
| 958 | |a NB | ||
| 999 | |c 930451 |d 932381 | ||
| 952 | |a SNK |b SNK |y PREZ |7 0 |p 17A1181018 |o snkSCDM 8125 |i snk2016/4873 |8 0 |0 0 |1 0 |4 0 |d 2016-02-22 |l 0 |r 2026-02-24 08:46:34 |w 2026-02-24 | ||
| 952 | |t snkPRO 624 |a SNKMST |b SNKMST |y PREZ |7 0 |p 17A1181017 |o snkSCDM 8125 D1 |i snk2016/4874 |8 0 |0 0 |1 0 |4 0 |d 2016-02-22 |l 0 |r 2025-08-12 00:00:00 |w 2026-02-24 | ||


